Statistics for Countries that read the most

Click here to take the quiz!

General Stats

  • This quiz has been taken 22 times
  • The average score is 8 of 15

Answer Stats

Time Spent in Hours/per personCountry% Correct
06:54Sweden
86%
07:06Russia
81%
06:54France
76%
08:00China
71%
10:42India
71%
06:30Poland
62%
07:30Egypt
52%
06:48Saudi Arabia
52%
07:36Philippines
48%
06:18South Africa
48%
06:48Hungary
43%
07:24Czechia
38%
09:24Thailand
29%
06:24Venezuela
14%
06:42Hong Kong
5%

Score Distribution

Percentile by Number Answered

Percent of People with Each Score

Your Score History

You have not taken this quiz